000 004550000a22001810004500
003 MACL
005 20151006125810.0
008 151006b xxu||||| |||| 00| 0 eng d
040 _aMACL
_cMACL
041 _aEnglish
082 _a910/SIN
100 _aSinha, Surajit
_9492
245 _aCultural Profile of Calcutta
260 _bThe Indian Anthrolpological Society
_c1972
_aCalcutta
350 _a600
650 _aTravel
_913813
942 _cBK
_k910
_2ddc
999 _c5621
_d5621